=LDR 00000nam 2200000 4500 =001 INLIS000000000002235 =005 20130612090605 =008 ***********************************Ind** =035 ##$$a0010-061300000002235 =041 ##$$a Ind =082 ##$$a 808.31 =090 ##$$a 808.31, Ram p =100 ##$$a Rampan. Korrie Layun =245 ##$$a Perhiasan matahari, kumpulan cerita pendek, Korrie Layun Rampan =250 ##$$a BPNo.3619 =260 ##$$a 1991 $b jakarta =650 ##$$a Cerita pendek Indonesia =650 ##$$a Kumpulan =850 ##$$a NBPNMAT =990 ##$$a 21400613/BPAP-NTB/20142014